00723nam a22002057a 4500999001900000005001700019010001300036020002600049035001400075037001300089082000800102100001400110245006900124260004400193270007600237300002600313500002600339942002200365952013000387 c165614d16561420190625122200.0 aB-125742 c890.00a9788184621723 aEN-109274 bDBAD/PUB a230 aChandrika aHanuman Chalisa:bby Chandrikaca Bhakta's quest for the Divine/ aMumbaibvakils, Feffer and Simonsc2019 aindustry manor, 2nd floor, A. Marathe Marg, Prabhadevi,bMumbaie400025 a430p.c24cm(Hb)bill. ainclude bibliography  2ddccENh230mCHA 001040708NFICaBNbBNd2019-06-25eDBAD/PUBg890.00l1o230 CHApEN-109274r2026-06-15 12:28:50s2026-05-26t1v890.00yEN